000 00729nam a22002297a 4500
005 20170124105951.0
010 _aA-792711
020 _c00.00
035 _aA-792711
037 _bCen Lib/Ret
040 _aDPL
_bEN
082 _a338.88
_bSAI
100 _aSaini, Mahander kumar
_913538
245 _aPolitics of multinationals :
_cby Mahander kumar Saini
_ba pattern in neo-colonialism /
260 _aNew Delhi
_bGitanjali prakashan
_c1981
270 _aLajpat nagar-iv
_bNew Delhi
_e110024
300 _axxvi,342p.
_c21cm(Hb)
500 _aIncludes bibliographical reference and index
650 _aPolitical Science
_962778
650 _aDeveloping countries
_96550
942 _2ddc
_cEN
_h338.88
_mSAI
999 _c125262
_d125262